Ciutats catalanes aleatòries per foto - Statistics

General Stats
  • This quiz has been taken 27 times
  • The average score is 8 of 16
Answer Stats
Picture Answer % Correct
Barcelona
100%
Girona
100%
L'Estartit
100%
Badalona
86%
Banyoles
80%
Cadaqués
80%
Besalú
75%
Cardona
67%
Lleida
67%
Manresa
67%
L'Hospitalet de Llobregat
60%
Sitges
57%
Blanes
50%
Castellfollit de la Roca
50%
Mataró
50%
Sabadell
50%
Salou
50%
Tarragona
50%
Sort
43%
Lloret de Mar
40%
Tortosa
40%
La Seu d'Urgell
33%
Montcada i Reixac
33%
Terrassa
33%
Vielha
33%
Montblanc
29%
Olot
25%
Sant Cugat del Vallès
20%
Cervera
17%
Vilafranca del Penedès
17%
Miravet
0%
Molins de Rei
0%
Tossa de Mar
0%
Valls
0%
No matching quizzes found
Score Distribution
Percent of People with Each Score
Percentile by Number Answered
Your Score History
You have not taken this quiz